000 01278nam a2200313 4500
003 EG-GICUC
005 20260121101249.0
008 251119s1993 ua ||||fr|||| 00| 0 ara d
040 _a EG-GICUC
_bara
_c EG-GICUC
_d EG-GICUC
_erda
041 0 _aara
082 0 4 _221
_a341.851
_bع ص . خ
092 0 4 _221
099 _aLaw1 12 341.851 ع ص . خ 1993
100 0 _aعصام الدين القصبي
_eمؤلف.
245 1 0 _aخصوصية التحكيم في مجال منازعات الإستثمار /
_cعصام الدين القصبي.
264 1 _aالقاهرة :
_bدار النهضة العربية،
_c1993.
300 _a212 :صفحة
_c24 سم.
_bإيضاحيات، صور، مثيليات ؛
336 _2rda content
_atext
337 _2rda media
_aComputer
338 _2rda carrier
_aOnline Resource
504 _aيحتوي على اراجاعات ببليوجرافية
546 _aالنص أغلبه باللغة العربية بعض النصوص الإنجليزية والفرنسية
650 1 _aالتحكيم - قانون دولي
_2qrmak
650 1 _a منازعات الإستثمار
_2qrmak
651 1 _2qrmak
856 4 0 _uhttps://fll.law.cu.edu.eg/fulltext/bks/B12-01049.pdf
905 _a75
_eYara
942 _2ddc
_n0
_cBK
_e21
999 _c44860
_d44860